| 000 | 005470000a22001810004500 | ||
|---|---|---|---|
| 003 | MACL | ||
| 005 | 20160603151856.0 | ||
| 008 | 160603b xxu||||| |||| 00| 0 eng d | ||
| 040 |
_aMACL _cMACL |
||
| 041 | _aHindi | ||
| 082 | _a891.433 PAR | ||
| 100 |
_aपरदेशी _962146 |
||
| 245 |
_aकाला सोना _cपरदेशी |
||
| 260 |
_bविक्रान्त पब्लिकेशन हाउस _c2001 _aनई दिल्ली |
||
| 350 | _a150 | ||
| 650 |
_aNovel _962147 |
||
| 942 |
_cHIN _k800/PAR/N _2ddc |
||
| 999 |
_c9507 _d9507 |
||